Normal view
MARC view
Entry Personal Name
001 - CONTROL NUMBER
- control field: 83730
003 - CONTROL NUMBER IDENTIFIER
- control field: dpl
005 - DATE AND TIME OF LATEST TRANSACTION
- control field: 20250805114119.0
008 - FIXED-LENGTH DATA ELEMENTS
- fixed length control field: 250805|| aca||aabn | a|a d
040 ## - CATALOGING SOURCE
- Original cataloging agency: dpl
- Transcribing agency: dpl
100 ## - HEADING--PERSONAL NAME
- Personal name: महेता, आस्था
670 ## - SOURCE DATA FOUND
- Source citation: Work cat.: (dpl)212827: महेता, आस्था , वैदिक ऋषिकाएं 'एक प्रकाशपुंज' /, 2025
